Which Letter Covers the Least Area? - Statistics

General Stats
  • This quiz has been taken 56 times
  • The average score is 4 of 6
Answer Stats
Hint Answer % Correct
527,968 km² Y
82%
11,581 km² Q
76%
309,500 km² O
71%
1,152,371 km² Z
53%
478,307 km² J
37%
1,260,324.49 km² V
34%
No matching quizzes found
Score Distribution
Percent of People with Each Score
Percentile by Number Answered
Your Score History
You have not taken this quiz